000 00402 a2200109 4500
001 ART_57501
005 20260410162036.0
008 260409a
245 1 0 _aLiquidación de haberes y particularidades del CCT 644/2012 de petroleros privados de Neuquén, Río Negro y La Pampa
100 1 _aSimos, M. Florencia
773 0 _tLiquidación de sueldos
_g- N° 200 (ene. 2023)
_wREV44399
999 _c34444
_d34444